Harry Potter do you know Quiz Stats

 Plays Quiz not verified by Sporcle

Challenge
Share
Tweet
Embed
Score 0/10 Timer 10:00
0 Plays Today
Hint Answer % Correct
the boy who livedHarry Potter
100%
he marriesginny weasley
97.8%
whose dead brother isfred weasley
93.3%
who works in ministry of magic
86.7%
who later marriedgeorge weasley
84.4%
whose mother ismolly weasley
84.4%
whose husband is arthur weasley
84.4%
who went to the yule ball withangelina
80%
whose minister after hogwarts battle iskingsley shacklebolt
77.8%
who once guardedmuggle prime minister
26.7%

You're not logged in!

Compare scores with friends on all Sporcle quizzes.
Join for Free
OR
Log In

You Might Also Like...

Show Comments

Extras

Created Dec 17, 2013ReportNominate
Tags:Harry Potter Quiz

Top Quizzes Today


Score Distribution

Your Account Isn't Verified!

In order to create a playlist on Sporcle, you need to verify the email address you used during registration. Go to your Sporcle Settings to finish the process.

Report this User

Report this user for behavior that violates our Community Guidelines.

Details: